The theory of democratic elitism a critique
Saved in:
| Hovedforfatter: | |
|---|---|
| Format: | Bog |
| Sprog: | engelsk |
| Udgivet: |
Boston
Little, Brown
1967
|
| Serier: | Basic Studies in Politics
|
| Fag: | |
| Tags: |
Tilføj Tag
Ingen Tags, Vær først til at tagge denne postø!
|
MARC
| LEADER | 00000nam a2200000 a 4500 | ||
|---|---|---|---|
| 001 | UCO8196 | ||
| 003 | CL-VaPUC | ||
| 008 | 001201e19670000US |||||||||||||||||eng|d | ||
| 082 | 0 | 4 | |a 321.4 |b BAC |2 21 |
| 100 | 0 | |a Bachrach, Peter |e author |9 453015 | |
| 245 | 1 | 4 | |a The theory of democratic elitism a critique |
| 300 | |a 109 p | ||
| 942 | |c BK | ||
| 945 | |d 20001201 00:00:00 |a crobeson | ||
| 260 | |a Boston |b Little, Brown |c 1967 | ||
| 500 | |a Donación del profesor Manfred Wilhelmy von Wolff | ||
| 650 | 0 | |a Democracia |9 255256 | |
| 650 | 7 | |a ELITISMO |2 CL-VaPUC |9 453016 | |
| 650 | 7 | |a SISTEMAS POLITICOS |2 CL-VaPUC |9 453017 | |
| 650 | 7 | |a TEORIA POLITICA |2 CL-VaPUC |9 453018 | |
| 583 | |a last modification |c 20001201 00:00:00 |k Rodrigo Vera | ||
| 490 | 0 | |a Basic Studies in Politics | |
| 999 | |c 292923 |d 292921 | ||
| 952 | |0 0 |1 0 |4 0 |6 321_400000000000000_BAC_1967 |7 0 |8 A |9 344004 |a BIBHIS |b BIBHIS |d 2019-11-20 |i 1230883 |o 321.4 BAC 1967 |p 1230883 |r 2025-01-20 |w 2019-11-20 |y BK |k HIS | ||